Almanacco letterario Bompiani 1968, Dieci anni di mode culturali.
I tiakina i:
| Hōputu: | Pukapuka |
|---|---|
| Reo: | Itāriana |
| I whakaputaina: |
Milano :
Bompiani,
[1967]
|
| Ngā marau: | |
| Ngā Tūtohu: |
Kāore He Tūtohu, Me noho koe te mea tuatahi ki te tūtohu i tēnei pūkete!
|
MARC
| LEADER | 00000nam a22000007ib4500 | ||
|---|---|---|---|
| 001 | IT\ICCU\RAV\0252559 | ||
| 003 | ItRI | ||
| 005 | 20260115232217.0 | ||
| 008 | 950408s1967 it |||||| ||||| |||||c | ||
| 040 | |b ita |c importazione bologna sebina | ||
| 041 | 7 | |a ita |2 ISO-639-2 | |
| 245 | 0 | 0 | |a Almanacco letterario Bompiani 1968, |p Dieci anni di mode culturali. |
| 260 | |a Milano : |b Bompiani, |c [1967] | ||
| 300 | |a 207 p. : |b ill. ; |c 26 cm. | ||
| 650 | 7 | |a CULTURA |x 1958-1968 |2 scbi | |
| 773 | 0 | |w IT\ICCU\RAV\0010623 |t Almanacco letterario Bompiani |g 1968 | |
| 774 | 0 | |w IT\ICCU\RAV\1996833 |t Questo teatro |a Chiaromonte, Nicola |0 IT\ICCU\RAVV\026366 | |
| 942 | |2 ddc |c BK |n 0 | ||
| 952 | |0 0 |1 0 |4 0 |6 DOC_306_014000000000000_ALM |7 0 |9 22035 |a BO |b BO |d 2026-01-15 |i 16248 |l 0 |o DOC 306.014 ALM |p BO16248 |r 2026-01-15 23:22:17 |w 2026-01-15 |x [Sebina 7] [1 v.] |y BK |z 1 v. | ||
| 999 | |c 18836 |d 18836 | ||